| 000 | 02255nam0a2200349 4500 | ||
|---|---|---|---|
| 001 | RU\NLR\BIBL_A\022362645 | ||
| 005 | 20260420020342.0 | ||
| 010 |
_a978-5-361-01288-6 _950 |
||
| 021 |
_aRU _bКН-П-24-054300 _9КН-П-24-5411 |
||
| 035 | _a(NLR Aleph) 022362645 | ||
| 090 |
_a13668287 _c13668287 |
||
| 100 | _a20241024d2023 u y0rusy50 ca | ||
| 101 | 0 | _arus | |
| 102 | _aRU | ||
| 105 | _aa|||j|||000yy | ||
| 181 | 0 |
_ai3 _baxxe |
|
| 182 | 0 | _an | |
| 200 | 1 |
_aДинамика зданий и сооружений _eконспект лекций _eучебное пособие для слушателей программы профессиональной переподготовки "Динамические методы технической диагностики зданий и сооружений в условиях чрезвычайных ситуаций" _fЛ. А. Сулейманова, С. М. Есипов, П. А. Амелин _gМинистерство науки и высшего образования Российской Федерации, Белгородский государственный технологический университет им. В. Г. Шухова |
|
| 203 |
_aТекст _bвизуальный _cнепосредственный |
||
| 210 |
_aБелгород _cИзд-во БГТУ _d2023 |
||
| 215 |
_a97 с. _cил., табл. _d21 |
||
| 320 | _aБиблиогр.: с. 96-97 (21 назв.) | ||
| 606 | 1 |
_aДинамика сооружений _jУчебные издания для повышения квалификации _9978598 _3RU\NLR\AUTH\66368143 |
|
| 606 | 1 |
_aСооружения _jУчебные издания для повышения квалификации _xУстойчивость _91821837 _3RU\NLR\AUTH\661115412 |
|
| 686 | 1 | _aН112я77-1 | |
| 700 | 1 |
_7ca _8rus _aСулейманова _bЛ. А. _cд-р техн. наук _gЛюдмила Александровна _9221108 _3RU\NLR\AUTH\770221164 |
|
| 701 | 1 |
_aЕсипов _bС. М. _gСтанислав Максимович |
|
| 701 | 1 |
_aАмелин _bП. А. _gПавел Андреевич |
|
| 942 | _cBOOK | ||
| 980 | _aNB | ||